000 00656cam a2200205 4500
001 ABS62385
008 000000n2000 000 0 eng u
035 _a(Sirsi) u106261
100 _aAppleby, M.
245 4 _aThe land management implications of enhanced access
260 _c2000
490 _aRural Practice Bulletin
_vMarch/April 2000, 22(1)
520 _aSummarises RICS findings on members' views on the implications for land management of access to open country as proposed by government.
590 _aABS
650 _aACCESS TO THE COUNTRYSIDE
650 _aLAND MANAGEMENT
650 _aRICS
690 _aRural
_96268
942 _n0
999 _c63639
_d63639